LIBRARY & INFORMATION CENTRE, KCAET, TAVANUR

ONLINE PUBLIC ACCESS CATALOGUE (OPAC)

Cambridge history of english literature, Vol 1 / (Record no. 9648)

MARC details
000 -LEADER
fixed length control field 00416cam a2200157ua 4500
041 ## - LANGUAGE CODE
Language code of text/sound track or separate title eng
082 ## - DEWEY DECIMAL CLASSIFICATION NUMBER
Classification number 828.09
Item number WAR/CA
100 ## - MAIN ENTRY--AUTHOR NAME
Personal name Ward, A W .
245 ## - TITLE STATEMENT
Title Cambridge history of english literature, Vol 1 /
260 ## - PUBLICATION, DISTRIBUTION, ETC. (IMPRINT)
Place of publication Cambridge :
Name of publisher Cambridge University Press ,
Year of publication 1963.
300 ## - PHYSICAL DESCRIPTION
Number of Pages 420 ; .
700 1# - ADDED ENTRY--PERSONAL NAME
Personal name Wallen, A R .
942 ## - ADDED ENTRY ELEMENTS (KOHA)
Koha item type Books
Holdings
Withdrawn status Lost status Damaged status Home library Current library Date acquired Full call number Accession Number Koha item type
Withdrawn     KAUAET Sanskrit University 07/04/2012 828.09 9917 Books
free website counter